| 000 | 00590nam a2200205Ia 4500 | ||
|---|---|---|---|
| 001 | 3359 | ||
| 003 | GE_BSU | ||
| 008 | 181216s||||||||xx |||||||||||||| ||und|| | ||
| 040 | _cGE_BSU | ||
| 080 | _a621.9.06(075.8) | ||
| 245 | _aМеталлорежущие станки. | ||
| 245 | _cКолев,Н.С. Краниченко,Л.В. Никулин,Н.С, и др. | ||
| 260 | _aМ. | ||
| 260 | _bМашиностроение. | ||
| 260 | _c1973. | ||
| 300 | _a472 стр. с илл. 26см. | ||
| 300 | _eтабл. | ||
| 653 | _aМеталлорежущие станки. | ||
| 942 | _cBK | ||
| 999 |
_c37400 _d37400 |
||